Η διαπαιδαγώγηση στην οικογένεια του Μάρξ
Saved in:
| Main Author: | |
|---|---|
| Format: | Book |
| Language: | Greek Russian |
| Published: |
Αθήνα :
Σύγχρονη Εποχή,
1985.
|
| Edition: | 2η εκδ. |
| Subjects: | |
| Tags: |
Add Tag
No Tags, Be the first to tag this record!
|
MARC
| LEADER | 00000cam a2200000 i 4500 | ||
|---|---|---|---|
| 001 | 1/89071 | ||
| 008 | 960708s1985 gr | ||| |||| ||gre|| | ||
| 035 | |a 1987 |c Αγορά |l 10035657 | ||
| 040 | |a GR-MY-UA |b gre |e aacr | ||
| 041 | 1 | |a gre |h rus | |
| 082 | 7 | |a 335.40924 |2 (22) | |
| 100 | 1 | |a Pechernikova, I. A. |q (Irina Alekseevna), |d 1909- | |
| 245 | 1 | 2 | |a Η διαπαιδαγώγηση στην οικογένεια του Μάρξ / |c I. A. Pechernikova. |
| 250 | |a 2η εκδ. | ||
| 260 | |a Αθήνα : |b Σύγχρονη Εποχή, |c 1985. | ||
| 300 | |a 126 σ. ; |c 18 εκ. | ||
| 500 | |a Η μετάφραση έγινε από την έκδοση των εκδόσεων Πολιτιζντάν, Μόσχα, 1975. | ||
| 600 | 1 | 0 | |a Marx, Karl, |d 1818-1883. |
| 650 | 0 | 0 | |a Socialists |x Biography. |
| 650 | 0 | 0 | |a Economists |x Biography. |
| 650 | 0 | 0 | |a Communists |x Biography. |
| 852 | |a INST |b RHODES |e 19960708 |h 335.40924 PEC |p 005400002273 |q 005400002273 |t BK |y 0 | ||
| 909 | |a Ρ |b 006482 | ||
| 970 | |z 1996/07 | ||